000 00574nmm a2200169Ia 4500
008 251105s9999||||xx |||||||||||||||||und||
020 _a9788476584613
041 _aspa
100 _aNeuschäfer, Hans-Jörg
245 0 _aAdiós a la España eterna: la dialéctica de la censura: novela, teatro y cine bajo el franquismo
264 _a[Madrid, España] :
_bAnthropos,
_c1994
300 _a372 páginas
490 _aPensamiento crítico / Pensamiento utópico
650 _aSpanish literature
856 _uhttps://public.digitaliapublishing.com/a/66507
942 _cCF
999 _c85126
_d85126